<?xml version="1.0" encoding="UTF-8"?>
<collection xmlns="http://www.loc.gov/MARC21/slim">
 <record>
  <leader>01643nam a22002417a 4500</leader>
  <controlfield tag="001">NCT_4_013880</controlfield>
  <controlfield tag="008">241016b        xxu||||| |||| 00| 0 vie d</controlfield>
  <datafield tag="999" ind1=" " ind2=" ">
   <subfield code="c">8654</subfield>
   <subfield code="d">8654</subfield>
  </datafield>
  <datafield tag="020" ind1=" " ind2=" ">
   <subfield code="a">9786049931178</subfield>
   <subfield code="c">110000</subfield>
  </datafield>
  <datafield tag="082" ind1="0" ind2="4">
   <subfield code="2">23rd ed.</subfield>
   <subfield code="a">615.372</subfield>
   <subfield code="b">S120</subfield>
  </datafield>
  <datafield tag="100" ind1="1" ind2=" ">
   <subfield code="a">Nguyễn Thị Xuân Sâm</subfield>
   <subfield code="e">Chủ biên</subfield>
  </datafield>
  <datafield tag="245" ind1="1" ind2="0">
   <subfield code="a">Công nghệ sản xuất vắc xin</subfield>
   <subfield code="c">Nguyễn Thị Xuân Sâm (Chủ biên)</subfield>
  </datafield>
  <datafield tag="250" ind1=" " ind2=" ">
   <subfield code="a">Xuất bản lần thứ 2 có sửa chữa</subfield>
  </datafield>
  <datafield tag="260" ind1=" " ind2=" ">
   <subfield code="a">H.</subfield>
   <subfield code="b">Bách khoa Hà Nội</subfield>
   <subfield code="c">2020</subfield>
  </datafield>
  <datafield tag="300" ind1=" " ind2=" ">
   <subfield code="a">151 tr.</subfield>
   <subfield code="b">Minh hoạ</subfield>
   <subfield code="c">24cm</subfield>
  </datafield>
  <datafield tag="520" ind1="3" ind2=" ">
   <subfield code="a">Nội dung cuốn sách trình bày những kiến thức cơ bản về vắc xin, các nguyên tắc phát triển một vắc xin, một số kỹ thuật sử dụng trong sản xuất, thực hành sản xuất tốt cho sản xuất và kiểm tra chất lượng vắc xin.</subfield>
  </datafield>
  <datafield tag="653" ind1=" " ind2=" ">
   <subfield code="a">Y đa khoa</subfield>
  </datafield>
  <datafield tag="942" ind1=" " ind2=" ">
   <subfield code="2">ddc</subfield>
   <subfield code="c">BK</subfield>
  </datafield>
  <datafield tag="952" ind1=" " ind2=" ">
   <subfield code="0">0</subfield>
   <subfield code="1">0</subfield>
   <subfield code="2">ddc</subfield>
   <subfield code="4">0</subfield>
   <subfield code="6">615_372000000000000_S120</subfield>
   <subfield code="7">0</subfield>
   <subfield code="9">29736</subfield>
   <subfield code="a">000001</subfield>
   <subfield code="b">000001</subfield>
   <subfield code="d">2024-10-21</subfield>
   <subfield code="o">615.372 S120</subfield>
   <subfield code="p">MD.22919</subfield>
   <subfield code="r">2024-10-21</subfield>
   <subfield code="v">110000.00</subfield>
   <subfield code="w">2024-10-21</subfield>
   <subfield code="y">BK</subfield>
  </datafield>
  <datafield tag="952" ind1=" " ind2=" ">
   <subfield code="0">0</subfield>
   <subfield code="1">0</subfield>
   <subfield code="2">ddc</subfield>
   <subfield code="4">0</subfield>
   <subfield code="6">615_372000000000000_S120</subfield>
   <subfield code="7">0</subfield>
   <subfield code="9">29737</subfield>
   <subfield code="a">000001</subfield>
   <subfield code="b">000001</subfield>
   <subfield code="d">2024-10-21</subfield>
   <subfield code="o">615.372 S120</subfield>
   <subfield code="p">MD.22920</subfield>
   <subfield code="r">2024-10-21</subfield>
   <subfield code="v">110000.00</subfield>
   <subfield code="w">2024-10-21</subfield>
   <subfield code="y">BK</subfield>
  </datafield>
  <datafield tag="952" ind1=" " ind2=" ">
   <subfield code="0">0</subfield>
   <subfield code="1">0</subfield>
   <subfield code="2">ddc</subfield>
   <subfield code="4">0</subfield>
   <subfield code="6">615_372000000000000_S120</subfield>
   <subfield code="7">0</subfield>
   <subfield code="9">29738</subfield>
   <subfield code="a">000001</subfield>
   <subfield code="b">000001</subfield>
   <subfield code="d">2024-10-21</subfield>
   <subfield code="o">615.372 S120</subfield>
   <subfield code="p">MD.22921</subfield>
   <subfield code="r">2024-10-21</subfield>
   <subfield code="v">110000.00</subfield>
   <subfield code="w">2024-10-21</subfield>
   <subfield code="y">BK</subfield>
  </datafield>
  <datafield tag="952" ind1=" " ind2=" ">
   <subfield code="0">0</subfield>
   <subfield code="1">0</subfield>
   <subfield code="2">ddc</subfield>
   <subfield code="4">0</subfield>
   <subfield code="6">615_372000000000000_S120</subfield>
   <subfield code="7">0</subfield>
   <subfield code="9">29739</subfield>
   <subfield code="a">000001</subfield>
   <subfield code="b">000001</subfield>
   <subfield code="d">2024-10-21</subfield>
   <subfield code="o">615.372 S120</subfield>
   <subfield code="p">MD.22922</subfield>
   <subfield code="r">2024-10-21</subfield>
   <subfield code="v">110000.00</subfield>
   <subfield code="w">2024-10-21</subfield>
   <subfield code="y">BK</subfield>
  </datafield>
  <datafield tag="980" ind1=" " ind2=" ">
   <subfield code="a">Thư viện Trường Đại học Nam Cần Thơ</subfield>
  </datafield>
 </record>
</collection>
